Catalog

Record Details

Catalog Search



Theology of the Old Testament = = Theologie des Alten Testaments Vol. 2 Cover Image Book Book

Theology of the Old Testament = = Theologie des Alten Testaments Walter Eichrodt ; translated by John Baker Vol. 2

Eichrodt, Walther (Author). Baker, John (Added Author).

Record details

  • ISBN: 0-334-01639-8
  • Physical Description: 573 p.
  • Publisher: London SCM Press 1967

Available copies

  • 1 of 1 copy available at Common Catalog SPOK.

Holds

  • 0 current holds with 1 total copy.
Show Only Available Copies
Location Call Number / Copy Notes Barcode Shelving Location Status Due Date
ETS Library 230.0411 424470003053 Volný výběr Available -

LDR 00781nam a2 00265
00139450
003CZ-PrJAB
00520030527000000.0
008020108s1967 xxk e |||| |eng
009gb
020 . ‡a0-334-01639-8
035 . ‡a(CONS)9255
035 . ‡aKPS10546
040 . ‡aABG450
041 . ‡aeng
08214. ‡a230.0411
100 . ‡71876 ‡aEichrodt, Walther
245 . ‡aTheology of the Old Testament = ‡b= Theologie des Alten Testaments ‡cWalter Eichrodt ; translated by John Baker ‡nVol. 2
260 . ‡aLondon ‡bSCM Press ‡c1967
300 . ‡a573 p.
490 . ‡aOld Testament library
653 . ‡aTheology of the Old Testament
700 . ‡74951 ‡aBaker, John
8524 . ‡bETS ‡bETS ‡cVolný výběr ‡j230.0411 ‡gP ‡p424470003053 ‡xreference
910 . ‡aABG450
999 . ‡a9255 ‡bAUTOGEN ‡c9255 ‡tbiblio
905 . ‡uadmin
901 . ‡a39450 ‡b ‡c39450 ‡tbiblio ‡sets

Additional Resources